Personnages de American Horror Story par saisons - Statistiques

Statistiques générales
  • Ce quiz a été pris 281 fois
  • Le résultat moyen est 21 sur 74
Statistiques - réponses
Hint Réponse % Correct
1 Tate Langdon
89%
8 Tate Langdon
89%
1 Violet Harmon
83%
2 Lana Winters
67%
1 Ben Harmon
64%
2 Judy Martins
58%
3 Madison Montgomery
55%
8 Madison Montgomery
55%
1 Constance Langdon
54%
3 Cordelia Foxx
53%
8 Cordelia Goode
53%
1 Vivien Harmon
52%
3 Fiona Goode
51%
2 Kit Walker
48%
3 Zoé Benson
48%
3 Kyle Spencer
42%
7 Kai Anderson
40%
4 Elsa Mars
38%
4 Jimmy Darling
34%
2 Mary Eunice Mckee
33%
2 Grace Bertrand
32%
3 Misty Day
32%
5 Liz Taylor
30%
5 James Patrick March
29%
8 James Patrick March
29%
8 Michael Langdon
29%
3 Myrtle Snow
29%
4 Dot Tattler
27%
2 Oliver Thredson
27%
7 Ally Mayfair-Richards
26%
5 Donovan
26%
8 John Henry Moore
24%
5 John Lowe
24%
5 Sally McKenna
24%
7 Winter Anderson
24%
4 Dandy Mott
23%
5 Elizabeth Johnson
22%
9 Richard Ramirez
22%
2 Arthur Arden
21%
4 Bette Tattler
21%
3 Marie-Delphine LaLaurie
21%
8 Marie-Delphine LaLaurie
21%
9 Brooke Thompson
20%
4 Ethel Darling
20%
9 Montana Duke
20%
8 Coco St. Pierre Vanderbilt
18%
4 Maggie Esmeralda
18%
8 Mallory
18%
4 Desiree Dupree
17%
7 Ivy Mayfair-Richards
17%
9 Xavier Plympton
17%
9 Benjamin Richter
16%
5 Iris
16%
1 Larry Harvey
16%
2 Timothy Howard
16%
5 Ramona Royale
15%
3 Spalding
15%
5 Billie Dean Howard
14%
8 Billie Dean Howard
14%
4 Dell Toledo
14%
9 Margaret Booth
14%
5 Alex Lowe
13%
4 Gloria Mott
13%
4 Stanley
13%
8 Wilhemina Venable
13%
5 Will Drake
13%
9 Chet Clancy
12%
9 Donna Chambers
11%
9 Trevor Kirchner
11%
7 Rudy Vincent
10%
8 Jeff Pfister
9%
8 M. Gallant
9%
8 Dinah Stevens
8%
8 Miriam Mead
8%
Aucun quiz correspondant
Distribution des résultats
% des personnes avec chaque résultat
Percentile par nombre de réponses
Votre historique - résultats
Vous n’avez pas pris ce quiz